[Event "SC Böblingen - SK Bebenhausen"]
[Site "?"]
[Date "2024.01.21"]
[Round "5.1"]
[White "Braun, Georg"]
[Black "Gaehwiler, Gabriel"]
[Result "1/2-1/2"]
[WhiteElo "2396"]
[BlackElo "2383"]
[PlyCount "46"]
[EventDate "2024.??.??"]

1. e4 e5 2. Nf3 Nf6 3. Nxe5 d6 4. Nf3 Nxe4 5. Nc3 Nf6 6. d4 Be7 7. Bf4 O-O 8. Qd2 c6 9. Bd3 Nbd7 10. O-O Nb6 11. h3 Nfd5 12. Nxd5 Nxd5 13. Bg3 Bf6 14. Rfe1 Be6 15. c4 Ne7 16. Qf4 d5 17. c5 Ng6 18. Bxg6 hxg6 19. Bh4 Bxh4 20. Qxh4 Qxh4 21. Nxh4 Rfe8 22. Re3 g5 23. Nf3 g4 1/2-1/2

[Event "SC Böblingen - SK Bebenhausen"]
[Site "?"]
[Date "2024.01.21"]
[Round "5.2"]
[White "Hirneise, Jens"]
[Black "Waffenschmidt, Lars"]
[Result "1/2-1/2"]
[WhiteElo "2270"]
[BlackElo "2274"]
[PlyCount "81"]
[EventDate "2024.??.??"]

1. e4 c5 2. Nf3 d6 3. d4 cxd4 4. Nxd4 Nf6 5. Nc3 a6 6. Rg1 b5 7. a4 b4 8. Nd5 Nxe4 9. Bc4 e6 10. Qe2 Nc5 11. Bf4 Be7 12. Nxe7 Qxe7 13. O-O-O Nb7 14. Qg4 Qf6 15. Nf3 h6 16. Bxd6 Nxd6 17. Rxd6 O-O 18. Qd4 Qxd4 19. Nxd4 Ra7 20. b3 Rd7 21. Rb6 Rb7 22. Rxb7 Bxb7 23. f3 Rc8 24. Nxe6 Rxc4 25. bxc4 fxe6 26. Rd1 Nc6 27. Rd7 Na5 28. c5 Bd5 29. Ra7 Bc4 30. Kb2 Nc6 31. Rc7 Bd5 32. c4 bxc3+ 33. Kxc3 Kh7 34. Rb7 a5 35. Rb6 Kg6 36. Kd3 Kf6 37. Ke3 Ne5 38. Ra6 Nc6 39. Rb6 Ne5 40. Ra6 Nc6 41. Rb6 1/2-1/2

[Event "SC Böblingen - SK Bebenhausen"]
[Site "?"]
[Date "2024.01.21"]
[Round "5.3"]
[White "Hartmann, Martin"]
[Black "Ortmann, David"]
[Result "1-0"]
[WhiteElo "2176"]
[BlackElo "2294"]
[PlyCount "93"]
[EventDate "2024.??.??"]

1. e4 e6 2. d4 d5 3. e5 c5 4. c3 Nc6 5. Nf3 Qb6 6. Bd3 cxd4 7. O-O Bd7 8. Re1 Nge7 9. h4 a6 10. Nbd2 dxc3 11. bxc3 Ng6 12. Nb3 Qc7 13. Qe2 f6 14. exf6 gxf6 15. Nfd4 Nce5 16. Bxg6+ hxg6 17. f4 Nc4 18. Nxe6 Bxe6 19. Qxe6+ Qe7 20. Qxe7+ Bxe7 21. g3 Kf7 22. Be3 Rhe8 23. Bf2 Ba3 24. Rad1 Rxe1+ 25. Bxe1 Rd8 26. Bf2 a5 27. Nd4 Bc5 28. f5 Nd6 29. fxg6+ Kxg6 30. Ne6 Bxf2+ 31. Kxf2 Ne4+ 32. Kf3 Rc8 33. Nf4+ Kf7 34. Nxd5 f5 35. g4 Nd6 36. g5 b5 37. h5 Ne4 38. Kf4 Nxc3 39. g6+ Ke6 40. Nxc3 Rxc3 41. h6 Rc4+ 42. Kg5 Rg4+ 43. Kh5 Kf6 44. Rd6+ Ke7 45. h7 Rg2 46. Rd4 f4 47. Rxf4 1-0

[Event "SC Böblingen - SK Bebenhausen"]
[Site "?"]
[Date "2024.01.21"]
[Round "5.4"]
[White "Mueller, Ralf"]
[Black "Latzke, Boris"]
[Result "1/2-1/2"]
[WhiteElo "2340"]
[BlackElo "2190"]
[PlyCount "55"]
[EventDate "2024.??.??"]

1. d4 Nf6 2. c4 e6 3. Nf3 b6 4. g3 Ba6 5. b3 Bb4+ 6. Bd2 Be7 7. Bg2 d5 8. Bc3 O-O 9. Nbd2 Bb7 10. O-O Nbd7 11. cxd5 Nxd5 12. Bb2 c5 13. Rc1 Rc8 14. Re1 cxd4 15. Nxd4 Rxc1 16. Qxc1 Qa8 17. Qa1 Rc8 18. Rc1 N5f6 19. Rxc8+ Qxc8 20. Qc1 Qxc1+ 21. Bxc1 Nd5 22. Nc4 Kf8 23. Bd2 Bc5 24. Nb5 a6 25. Nc7 Ke7 26. Ne3 N7f6 27. Ncxd5+ Nxd5 28. Nxd5+ 1/2-1/2

[Event "SC Böblingen - SK Bebenhausen"]
[Site "?"]
[Date "2024.01.21"]
[Round "5.5"]
[White "Khadempour, Farhad"]
[Black "Tran, Thanh Kien"]
[Result "1/2-1/2"]
[WhiteElo "2138"]
[BlackElo "2173"]
[PlyCount "96"]
[EventDate "2024.??.??"]

1. c4 g6 2. Nc3 Bg7 3. g3 c5 4. Bg2 Nc6 5. e4 e6 6. Nge2 Nge7 7. a3 O-O 8. O-O b6 9. Rb1 Bb7 10. b4 d6 11. d3 Qd7 12. Be3 Rac8 13. Qd2 Rfd8 14. Bg5 Re8 15. h3 Nd4 16. Kh2 Nxe2 17. Nxe2 Nc6 18. Bh6 Bh8 19. f4 f5 20. Rbe1 Nd4 21. Rf2 Nxe2 22. Rfxe2 fxe4 23. Bxe4 Bxe4 24. Rxe4 d5 25. cxd5 exd5 26. Rxe8+ Rxe8 27. Rxe8+ Qxe8 28. bxc5 bxc5 29. f5 Qe5 30. Qa5 Qb2+ 31. Kh1 Qb1+ 32. Kh2 Qc2+ 33. Kh1 Qd1+ 34. Kh2 Qe2+ 35. Kh1 Qf1+ 36. Kh2 Qf2+ 37. Kh1 Bf6 38. Qb5 Qf1+ 39. Kh2 Qe2+ 40. Kh1 Qf1+ 41. Kh2 Qf2+ 42. Kh1 Qe1+ 43. Kg2 Qe2+ 44. Kh1 Qe7 45. Qc6 Qe1+ 46. Kg2 Qe2+ 47. Kh1 Qf3+ 48. Kh2 Qf2+ 1/2-1/2

[Event "SC Böblingen - SK Bebenhausen"]
[Site "?"]
[Date "2024.01.21"]
[Round "5.6"]
[White "Vujic, Branimir"]
[Black "Roth, Juergen Eugen"]
[Result "1-0"]
[WhiteElo "2219"]
[BlackElo "2133"]
[PlyCount "115"]
[EventDate "2024.??.??"]

1. d4 g6 2. Nf3 Bg7 3. e3 Nf6 4. Be2 O-O 5. O-O c5 6. dxc5 Qa5 7. a3 Qxc5 8. b4 Qc7 9. Bb2 b6 10. c4 Bb7 11. Nbd2 d6 12. Rc1 Nbd7 13. Qb3 Rac8 14. Rfd1 Qb8 15. h3 Rfd8 16. Nh2 Qa8 17. Bf3 Bxf3 18. Nhxf3 a6 19. Bd4 b5 20. a4 bxc4 21. Nxc4 d5 22. Nce5 Nxe5 23. Bxe5 e6 24. Qb2 Ne8 25. Bxg7 Nxg7 26. b5 axb5 27. axb5 Qb7 28. Nd4 Rxc1 29. Rxc1 Rb8 30. Nc6 Ra8 31. Ra1 Rxa1+ 32. Qxa1 Ne8 33. Qa6 Qxa6 34. bxa6 Nc7 35. a7 Kf8 36. g4 f6 37. h4 h6 38. f4 Ke8 39. g5 hxg5 40. hxg5 fxg5 41. fxg5 Kd7 42. Ne5+ Kc8 43. Nxg6 Kb7 44. Nf4 e5 45. g6 Ne8 46. Nxd5 Kxa7 47. Ne7 Kb6 48. Nf5 Nf6 49. g7 Ng8 50. Kf2 Kc6 51. Kf3 Kd5 52. Kg4 Ke6 53. Kg5 Kf7 54. Nh6+ Kxg7 55. Nxg8 Kxg8 56. Kf5 Kf7 57. Kxe5 Ke8 58. Ke6 1-0

[Event "SC Böblingen - SK Bebenhausen"]
[Site "?"]
[Date "2024.01.21"]
[Round "5.7"]
[White "Kitzberger, Joachim"]
[Black "Schroeter, Samuel"]
[Result "1/2-1/2"]
[WhiteElo "2067"]
[BlackElo "2133"]
[PlyCount "88"]
[EventDate "2024.??.??"]

1. c4 c5 2. Nc3 Nc6 3. d3 Nf6 4. g3 d5 5. cxd5 Nxd5 6. Bg2 Nxc3 7. bxc3 g6 8. Nf3 Bg7 9. Bb2 Qa5 10. Qd2 O-O 11. O-O Rd8 12. Qc2 e5 13. Rfd1 h6 14. c4 Qc7 15. Rab1 Be6 16. a3 Rab8 17. Bc3 Re8 18. Nd2 Re7 19. Qa4 Bd7 20. Bxc6 Bxc6 21. Qxa7 Ree8 22. Qxc5 Qd7 23. Nf3 Qh3 24. e4 f5 25. Qe3 Rbd8 26. Ba5 Rd7 27. Ne1 Rf7 28. Rb6 f4 29. Qe2 fxg3 30. hxg3 Ref8 31. Rxc6 bxc6 32. Bb6 h5 33. Ng2 Bh6 34. Rf1 Kh7 35. Be3 g5 36. d4 exd4 37. Bxd4 Qd7 38. Bc5 Re8 39. Qxh5 Rxe4 40. Rd1 Qf5 41. Rd6 Rf6 42. Rxf6 Qxf6 43. Ne3 Re6 44. Bd4 Qf8 1/2-1/2

[Event "SC Böblingen - SK Bebenhausen"]
[Site "?"]
[Date "2024.01.21"]
[Round "5.8"]
[White "Bauer, Peter"]
[Black "Freiherr von Hauff, Christopher"]
[Result "1/2-1/2"]
[WhiteElo "2188"]
[BlackElo "1927"]
[PlyCount "88"]
[EventDate "2024.??.??"]

1. e4 Nc6 2. Nf3 e5 3. d3 Nf6 4. g3 Be7 5. Bg2 O-O 6. O-O d6 7. c3 h6 8. Re1 Re8 9. b4 a6 10. Bb2 Bf8 11. a4 Bd7 12. Na3 Ne7 13. h3 Qc8 14. Kh2 g5 15. Ng1 Ng6 16. Nc4 Bg7 17. Ne3 h5 18. Ne2 h4 19. g4 Nf4 20. Nxf4 exf4 21. Nf5 Bxf5 22. gxf5 c6 23. Bf3 Qc7 24. d4 Nd7 25. Rg1 Bf6 26. Qd2 Kf8 27. c4 a5 28. b5 c5 29. Kh1 cxd4 30. Bxd4 Bxd4 31. Qxd4 Ne5 32. Be2 f6 33. f3 Qc5 34. Rgd1 Rad8 35. Ra2 Rd7 36. Rad2 Red8 37. Kg2 Qxd4 38. Rxd4 b6 39. Kf2 Ke7 40. Ke1 Rc8 41. R1d2 Rcc7 42. Kf2 Rc8 43. Ra2 Rcc7 44. Rad2 Rc8 1/2-1/2

[Event "SF Pfullingen - SF Deizisau 2"]
[Site "?"]
[Date "2024.01.21"]
[Round "5.1"]
[White "Koellner, Ruben Gideon"]
[Black "Braeuner, Uwe"]
[Result "1-0"]
[WhiteElo "2482"]
[BlackElo "2116"]
[PlyCount "79"]
[EventDate "2024.??.??"]

1. d4 Nf6 2. Bg5 c5 3. d5 Qb6 4. Nc3 d6 5. e4 g6 6. Nf3 Bg7 7. Rb1 O-O 8. Be2 Bg4 9. O-O Nbd7 10. h3 Bxf3 11. Bxf3 a6 12. Be2 Qb4 13. a3 Qa5 14. Bd2 Qc7 15. a4 Rab8 16. Ra1 c4 17. a5 Nc5 18. Be3 Nfxe4 19. Nxe4 Nxe4 20. c3 e5 21. Ra4 f5 22. Bb6 Qd7 23. Rxc4 Rbc8 24. Rxc8 Qxc8 25. c4 f4 26. Re1 Nf6 27. c5 Nd7 28. Bg4 Qe8 29. Bc7 dxc5 30. d6 h5 31. Bf3 Nf6 32. Qb3+ Kh7 33. Qxb7 g5 34. Bc6 Qe6 35. Qxa6 e4 36. d7 Nd5 37. Qc4 Nxc7 38. Qxc5 e3 39. fxe3 Bf6 40. Qxf8 1-0

[Event "SF Pfullingen - SF Deizisau 2"]
[Site "?"]
[Date "2024.01.21"]
[Round "5.2"]
[White "Finke, Dominik"]
[Black "Dabo-Peranic, Robert"]
[Result "0-1"]
[WhiteElo "2038"]
[BlackElo "2343"]
[PlyCount "32"]
[EventDate "2024.??.??"]

1. e4 e5 2. Nf3 Nc6 3. Bc4 Bc5 4. c3 Nf6 5. d3 a6 6. a4 Ba7 7. O-O O-O 8. Re1 d6 9. Bb3 Re8 10. Nbd2 Be6 11. Bc2 h6 12. Nf1 d5 13. Ng3 dxe4 14. Nxe4 Nd5 15. Ng3 Qd6 16. Nh4 Qd7 0-1

[Event "SF Pfullingen - SF Deizisau 2"]
[Site "?"]
[Date "2024.01.21"]
[Round "5.3"]
[White "Bronznik, Valerij"]
[Black "Altenhof, Martin"]
[Result "1-0"]
[WhiteElo "2271"]
[BlackElo "2168"]
[PlyCount "143"]
[EventDate "2024.??.??"]

1. d4 Nf6 2. c4 g6 3. Nc3 Bg7 4. e4 d6 5. Be2 O-O 6. Be3 Nbd7 7. Nf3 e5 8. O-O Re8 9. Qc2 c6 10. d5 c5 11. a3 Nh5 12. g3 Bf6 13. b4 b6 14. Kg2 Ng7 15. Bd3 Be7 16. Rg1 Nf6 17. h3 Nfh5 18. g4 Nf6 19. Bh6 Kh8 20. Kh2 Ng8 21. Be3 Rf8 22. Rg2 f6 23. Rag1 Bd7 24. h4 Qc7 25. Nd2 Rf7 26. bxc5 bxc5 27. Nf3 Rff8 28. Be2 Rab8 29. Nb5 Qb6 30. h5 g5 31. Rb1 a6 32. Nc3 Qc7 33. Nd2 Rxb1 34. Ncxb1 Rb8 35. Rg1 Qb6 36. Nc3 Qb2 37. Qxb2 Rxb2 38. Rb1 Rxb1 39. Ndxb1 Bd8 40. f3 Ne8 41. Bd1 Ne7 42. Ba4 Bxa4 43. Nxa4 Nc8 44. Bd2 Kg7 45. Kg2 Kf7 46. Kf2 Ke7 47. Ke2 Kd7 48. Kd3 Nb6 49. Nb2 Kc8 50. Bc3 Kb7 51. Nd2 Nc8 52. Nb3 Ne7 53. Be1 Bc7 54. Bf2 Kc8 55. Na4 Kd8 56. Naxc5 dxc5 57. Nxc5 a5 58. Ne6+ Kc8 59. c5 Bb8 60. Kc4 Kb7 61. Nf8 h6 62. Ne6 f5 63. exf5 Nf6 64. d6 Nc6 65. Be3 e4 66. fxe4 Nxg4 67. Bd4 Nge5+ 68. Bxe5 Nxe5+ 69. Kd5 Nf7 70. c6+ Kb6 71. c7 Bxc7 72. dxc7 1-0

[Event "SF Pfullingen - SF Deizisau 2"]
[Site "?"]
[Date "2024.01.21"]
[Round "5.4"]
[White "Goldinger, Peter"]
[Black "Ruf, Matthias"]
[Result "0-1"]
[WhiteElo "2040"]
[BlackElo "2304"]
[PlyCount "50"]
[EventDate "2024.??.??"]

1. e4 g6 2. d4 d6 3. c4 c5 4. d5 Bg7 5. Nc3 Nf6 6. f4 O-O 7. Nf3 e6 8. Be2 exd5 9. e5 Ne4 10. cxd5 Nxc3 11. bxc3 Nd7 12. O-O dxe5 13. d6 exf4 14. Bxf4 Qf6 15. Bg5 Qxc3 16. Rc1 Qb2 17. Be7 Nb6 18. Bxf8 Bxf8 19. Rxc5 Be6 20. Rb5 Qa3 21. Ng5 Bxa2 22. Bd3 Qxd6 23. Qa1 Bd5 24. Rf6 Qd8 25. Rf1 Qxg5 0-1

[Event "SF Pfullingen - SF Deizisau 2"]
[Site "?"]
[Date "2024.01.21"]
[Round "5.5"]
[White "Koellner, Aaron Noah"]
[Black "Guess, Cornel-Andreas"]
[Result "1/2-1/2"]
[WhiteElo "2165"]
[BlackElo "1891"]
[PlyCount "127"]
[EventDate "2024.??.??"]

1. d4 d5 2. Nf3 e6 3. e3 Nf6 4. Nbd2 c5 5. b3 Bd6 6. Bb2 O-O 7. dxc5 Bxc5 8. Bd3 b6 9. a3 Ba6 10. c4 Nbd7 11. O-O Bb7 12. Qb1 Rc8 13. b4 Bd6 14. cxd5 exd5 15. Nd4 Re8 16. Rd1 Bb8 17. Bf5 Qe7 18. Bh3 g6 19. N2f3 Ne4 20. Qd3 Rc4 21. Rac1 Ne5 22. Qe2 Ba6 23. b5 Nxf3+ 24. Qxf3 Rxc1 25. Rxc1 Qe5 26. g3 Ng5 27. Qg2 Bxb5 28. Ba1 Ba6 29. Bd7 Qe4 30. h4 Rd8 31. Qxe4 Nxe4 32. Nc6 Bc7 33. Ne7+ Kf8 34. Rxc7 Kxe7 35. Bb5+ Kd6 36. Rc6+ Kd7 37. Rxb6+ Bxb5 38. Rxb5 Kc6 39. Ra5 Kb6 40. Ra4 a5 41. Be5 Rc8 42. Rd4 Rc1+ 43. Kg2 Kc6 44. g4 Rc2 45. Bg3 Rc4 46. Rd1 Nc3 47. Rd3 Nb5 48. g5 Ra4 49. Be5 Rxa3 50. Rd1 Ra4 51. f4 Rc4 52. h5 a4 53. hxg6 hxg6 54. Rh1 Kd7 55. Rh7 Ke7 56. Kf3 Rc8 57. f5 Rg8 58. Bf6+ Ke8 59. fxg6 Rxg6 60. Rh8+ Kd7 61. Rf8 Nd6 62. Ra8 Ne4 63. Ra7+ Ke8 64. Ra8+ 1/2-1/2

[Event "SF Pfullingen - SF Deizisau 2"]
[Site "?"]
[Date "2024.01.21"]
[Round "5.6"]
[White "Einwiller, Bernd"]
[Black "Gustain, Marc"]
[Result "0-1"]
[WhiteElo "2088"]
[BlackElo "2119"]
[PlyCount "94"]
[EventDate "2024.??.??"]

1. d4 c5 2. d5 d6 3. e4 g6 4. Nf3 Bg7 5. Nc3 Nf6 6. h3 O-O 7. Bf4 b5 8. Bxb5 Nxe4 9. Nxe4 Qa5+ 10. c3 Qxb5 11. Qe2 Qxe2+ 12. Kxe2 Ba6+ 13. Ke1 Nd7 14. Rd1 Nb6 15. Bc1 Bc4 16. Nfd2 Bxd5 17. f3 f5 18. Ng3 Bxa2 19. Kf2 Bf6 20. f4 Bd5 21. Nf3 Bb3 22. Rde1 a5 23. h4 h5 24. Ng5 Ra7 25. Nf1 Rb8 26. Rh3 a4 27. Nd2 Bd5 28. Nb1 Nc4 29. Re2 Rab7 30. Rd3 Bc6 31. Rdd2 Nxd2 32. Rxd2 Bb5 33. g3 Bc4 34. Nf3 Rd8 35. Na3 Ba6 36. Nc2 Rb3 37. Na1 Rb6 38. Nc2 e6 39. Rd1 Rdb8 40. Nfe1 Kf7 41. Kf3 Bb7+ 42. Ke3 Ke7 43. Nd3 Be4 44. Na3 Bxd3 45. Kxd3 Rxb2 46. Bxb2 Rxb2 47. Kc4 Bxc3 0-1

[Event "SF Pfullingen - SF Deizisau 2"]
[Site "?"]
[Date "2024.01.21"]
[Round "5.7"]
[White "Rempeli, Alex"]
[Black "Nagelsdiek, Michael"]
[Result "1-0"]
[WhiteElo "2097"]
[BlackElo "2042"]
[PlyCount "109"]
[EventDate "2024.??.??"]

1. d4 d5 2. Nf3 Nf6 3. e3 Bf5 4. Bd3 Bxd3 5. Qxd3 c6 6. Nbd2 e6 7. O-O Be7 8. e4 dxe4 9. Nxe4 Nxe4 10. Qxe4 Qd5 11. Qe2 Nd7 12. c4 Qh5 13. Rd1 O-O 14. d5 cxd5 15. cxd5 e5 16. d6 Bf6 17. Qb5 Qg4 18. h3 Qf5 19. Be3 Rfb8 20. Nd4 Qe4 21. Ne6 fxe6 22. Qxd7 Qf5 23. g4 Qg6 24. Qxe6+ Qf7 25. Qf5 g6 26. Qe4 Rf8 27. b3 b6 28. Rac1 Rad8 29. g5 Bg7 30. Rc7 Rxd6 31. Rdc1 Rd7 32. Qb7 Rfd8 33. Qxa7 e4 34. Rxd7 Rxd7 35. Qa8+ Bf8 36. Qxe4 b5 37. Rc8 Rd1+ 38. Kg2 Qd7 39. Qa8 Qd5+ 40. Qxd5+ Rxd5 41. Kf3 b4 42. Ra8 Kf7 43. Ke4 Rd7 44. Ra7 Rxa7 45. Bxa7 Ke6 46. Be3 Bg7 47. Bd2 Bf8 48. Kd4 Kf5 49. Kc4 Be7 50. f3 Ke5 51. h4 Bd8 52. Bxb4 Kf4 53. a4 Kxf3 54. a5 Kg4 55. a6 1-0